[Event "FIDE WY-U16 Olympiad 2022"]
[Site "Nakhchivan"]
[Date "2022.10.06"]
[Round "5.19"]
[White "Yavuz, Efe Metehan"]
[Black "Kirtadze, Anastasia"]
[Result "1-0"]
[WhiteElo "2223"]
[BlackElo "1814"]
[Annotator "TA"]
[PlyCount "143"]
[EventDate "2022.10.02"]
[EventType "team-tourn"]
[EventCountry "AZE"]
[SourceTitle "playchess.com"]
[Source "ChessBase"]
[SourceQuality "1"]
[WhiteTeam "Turkey"]
[BlackTeam "Georgia"]
[WhiteTeamCountry "TUR"]
[BlackTeamCountry "GEO"]
[TimeControl "40/5400+30:1800+30"]

{[%evp 20,143,21,21,26,29,36,18,26,19,22,14,32,29,61,16,22,18,11,22,22,0,0,0,28,0,0,-102,-97,-330,-344,-316,-333,-324,-104,-331,-303,-433,-440,-435,-426,-413,0,0,0,0,0,0,0,0,0,0,0,0,0,0,0,0,0,0,0,0,0,0,0,0,0,0,0,0,0,0,0,0,0,0,0,0,558,554,464,566,562,533,539,556,536,524,460,453,620,436,757,685,462,240,240,240,805,724,644,505,302,249,1354,1340,1622,1207,12837,12837,12835,0,16,0,623,12829,12847,12847,12848,12845,12847,12847,12850,12850,27999,27999]} 1. Nf3 {[%emt 0:00:14]} Nf6 {[%emt 0:00:58]} 2. b3 {[%emt 0:00:58]} c5 {[%emt 0:05:23]} 3. Bb2 {[%emt 0:00:13]} Nc6 {[%emt 0:01:17]} 4. e3 {[%emt 0:00:26]} e6 {[%emt 0:02:33]} 5. Be2 {[%emt 0:02:14]} Be7 {[%emt 0:00:44]} 6. O-O {[%emt 0:01:07]} O-O {[%emt 0:00:23]} 7. d4 {[%emt 0:03:13]} b6 {[%emt 0:04:25]} 8. c4 {[%emt 0:02:06]} cxd4 {[%emt 0:04:54]} 9. Nxd4 {[%emt 0:00:25]} Nxd4 {[%emt 0:05:28]} (9... Bb7) 10. Qxd4 {[%emt 0:01:13]} Bb7 {[%emt 0:00:38]} 11. Nc3 {[%emt 0:03:26]} Bc6 {[%emt 0:13:04] A30: Symmetrical English: Double Fianchetto and Hedgehog.} 12. Rfd1 {[%emt 0:16:56]} Qc7 {[%emt 0:04:19]} 13. a3 {[%emt 0:16:39]} Qb7 {[%emt 0:12:35] The position is equal.} 14. Bf1 {[%emt 0:01:15]} a5 {[%emt 0:02:56] [#]} 15. Qf4 $146 {[%emt 0:12:26]} ({Predecessor:} 15. Rd2 Rfd8 16. Rad1 Bf8 17. Qh4 h6 18. Qg3 Qb8 19. Be2 Qxg3 20. hxg3 Rdc8 21. Bf3 {½-½ (57) Badea,B (2492)-Barnaure,V (2416) Bucharest 2006}) 15... d6 {[%emt 0:10:13]} 16. Qg3 {[%emt 0:00:56]} e5 {[%emt 0:05:17]} 17. Be2 {[%emt 0:08:02]} Ne4 {[%emt 0:02:49]} 18. Nxe4 {[%emt 0:00:26]} Bxe4 {[%emt 0:00:01]} 19. a4 {[%emt 0:04:37]} f5 {[%emt 0:01:15]} 20. Bf3 {[%emt 0:09:48]} (20. f3 $5 {[%cal Rf3e4]} Bc6 21. Qf2 $11) 20... Rf6 {[%emt 0:01:59]} 21. Bxe4 {[%emt 0:01:44]} fxe4 {[%emt 0:00:54]} 22. Rd5 {[%emt 0:01:30] Threatens to win with Qg4.} Raf8 {[%emt 0:01:11]} 23. Rf1 {[%emt 0:01:15]} (23. Qg4 $11 {remains equal.}) 23... Qc8 $1 $17 {[%emt 0:02:39]} 24. h3 $2 {[%emt 0:05:25]} (24. Qh4 $17 {was called for.} Qf5 25. Qh3) 24... Rg6 $19 {[%emt 0:02:04]} 25. Qh2 {[%emt 0:00:01]} Rf3 {[%emt 0:00:44]} 26. Kh1 {[%emt 0:01:04] [#]} Rh6 $2 {[%emt 0:04:56]} 27. Kg1 $2 {[%emt 0:00:07]} (27. gxf3 $2 exf3 28. Bxe5 Rxh3 $19) (27. Rb5 $17 {was the only defense.}) 27... Qf5 $1 {[%emt 0:02:35]} 28. Bxe5 {[%emt 0:00:51]} (28. Ba3 {is a better defense.}) 28... dxe5 {[%emt 0:00:28]} 29. Qxe5 {[%emt 0:00:36] [#]} Rfxh3 $1 {[%emt 0:07:06][%mdl 512]} 30. gxh3 {[%emt 0:00:19]} (30. Qxf5 $2 Rh1#) 30... Qxh3 {[%emt 0:00:08]} (30... Rg6+ $1 $19 31. Kh2 Qxe5+ 32. Rxe5 Bd6) 31. Rd8+ $1 $11 {[%emt 0:00:20]} Kf7 {[%emt 0:00:16][%csl Gh6][%cal Rh3h1]} 32. Qd5+ {[%emt 0:00:32]} Re6 {[%emt 0:01:34]} 33. Rd7 {[%emt 0:02:38]} Ke8 {[%emt 0:00:32]} 34. Rxe7+ $1 {[%emt 0:00:23]} Kxe7 {[%emt 0:00:24][%mdl 4096] Endgame KQR-KQR} 35. Qb7+ $1 {[%emt 0:00:02]} ({Don't blunder} 35. Qg5+ $2 Ke8 36. Rd1 Rg6 37. Rd8+ Kf7 38. Qxg6+ hxg6 $19) 35... Ke8 {[%emt 0:00:42][%cal Re6g6]} 36. Qc8+ {[%emt 0:00:08]} Ke7 {[%emt 0:00:27]} 37. Qc7+ {[%emt 0:00:01]} Ke8 {[%emt 0:00:33][%cal Be7e8,Be8f7,Bf7f6,Bf6f5,Bf5g4][%mdl 32] Hoping for ...Rg6+.} 38. Qc8+ {[%emt 0:00:02]} Kf7 {[%emt 0:00:23] ( -> ...Rg6+)} 39. Qc7+ {[%emt 0:00:06]} Kf6 {[%emt 0:00:39]} 40. Qf4+ {[%emt 0:00:09]} Qf5 {[%emt 0:00:28]} 41. Qxf5+ {[%emt 0:30:27]} Kxf5 {[%emt 0:30:01] KR-KR} 42. Rd1 {[%emt 0:00:06]} Rg6+ {[%emt 0:00:00]} 43. Kh2 {[%emt 0:00:00]} Kg4 {[%emt 0:00:00] And now ...Kf3 would win.} 44. Kg2 {[%emt 0:00:00]} h5 {[%emt 0:00:00] White must now prevent ...h4.} 45. Rd4 {[%emt 0:00:00]} Re6 {[%emt 0:00:00]} 46. f3+ $1 {[%emt 0:00:00]} Kf5 {[%emt 0:00:00]} 47. Rd5+ {[%emt 0:00:00]} Re5 {[%emt 0:00:00]} 48. Rd6 {[%emt 0:00:00]} h4 $2 {[%emt 0:00:00][%mdl 8192]} (48... exf3+ $11 {and Black stays safe.} 49. Kxf3 Re6 50. Rd5+ Kg6) 49. f4 $1 $18 {[%emt 0:00:00]} Re8 {[%emt 0:00:00]} 50. Rxb6 {[%emt 0:00:00]} Rd8 {[%emt 0:00:28]} 51. Rb5+ {[%emt 0:00:00]} Kf6 {[%emt 0:00:25]} 52. Kh3 {[%emt 0:00:00]} ({Not} 52. Rxa5 Rd3 $16) 52... Rd3 {[%emt 0:00:25]} 53. Kxh4 {[%emt 0:00:00]} Rxe3 {[%emt 0:00:09]} 54. Kg4 {[%emt 0:00:00]} Rc3 {[%emt 0:01:20]} 55. Rf5+ {[%emt 0:00:46]} Kg6 {[%emt 0:00:14]} (55... Ke6 $142 56. Rxa5 Rxb3 57. Ra6+ (57. Re5+ Kf7 $16) 57... Ke7 58. Ra7+ Kf6) 56. Rxa5 {[%emt 0:00:56]} Rxb3 {[%emt 0:01:11]} 57. Rb5 {[%emt 0:02:33] Prevents Rb4.} (57. f5+ $142 Kf6 58. Kf4) 57... Rc3 {[%emt 0:00:46]} 58. Rc5 {[%emt 0:03:06]} Kf6 $2 {[%emt 0:00:59]} (58... Rf3 59. a5 Rf1 60. Rg5+ Kf6) 59. Rc6+ {[%emt 0:01:00]} Ke7 {[%emt 0:00:50]} 60. a5 $1 {[%emt 0:03:34]} Kd7 {[%emt 0:00:32] [#]} 61. Rc5 $1 {[%emt 0:01:43] aiming for a6.} Kd6 $2 {[%emt 0:01:32] [#]} (61... Rc1 62. f5 Kd6 63. Rd5+ Kc7) 62. Rd5+ $1 {[%emt 0:00:01]} Kc6 {[%emt 0:00:28]} 63. Rd4 {[%emt 0:00:02]} Re3 {[%emt 0:00:58]} 64. Kf5 {[%emt 0:01:10]} Ra3 {[%emt 0:01:37]} 65. Kg6 $2 {[%emt 0:01:56]} ({White must play} 65. Rxe4 $18 Rxa5+ 66. Kg6) 65... Rg3+ $1 $11 {[%emt 0:00:31]} 66. Kf5 $2 {[%emt 0:00:13][%mdl 8192]} (66. Kh5 $11 g6+ 67. Kh4) 66... Ra3 $1 $18 {[%emt 0:00:31]} 67. Rxe4 {[%emt 0:00:29]} Rxa5+ {[%emt 0:00:03]} 68. Kg6 {[%emt 0:00:01]} Ra7 {[%emt 0:00:12]} 69. f5 {[%emt 0:00:48][%cal Bf4f5,Bf5f6][%mdl 32]} Kc5 {[%emt 0:00:17]} 70. Rh4 {[%emt 0:00:15]} Rd7 {[%emt 0:00:42]} 71. Rh7 {[%emt 0:00:44]} Kxc4 {[%emt 0:00:05]} 72. f6 {[%emt 0:00:37] What a bad dream for Black.  Weighted Error Value: White=0.22 (precise) /Black=0.30} 1-0

[Event "FIDE WY-U16 Olympiad 2022"]
[Site "Nakhchivan"]
[Date "2022.10.06"]
[Round "5.19"]
[White "Zhao, Jeffrey Renfei"]
[Black "Humbatova, Nazli"]
[Result "1-0"]
[WhiteElo "1807"]
[BlackElo "1777"]
[Annotator "NA RC COMBH"]
[PlyCount "105"]
[EventDate "2022.10.02"]
[EventType "team-tourn"]
[EventCountry "AZE"]
[SourceTitle "playchess.com"]
[Source "ChessBase"]
[SourceQuality "1"]
[WhiteTeam "Canada"]
[BlackTeam "Azerbaijan"]
[WhiteTeamCountry "CAN"]
[BlackTeamCountry "AZE"]

1. e4 e6 2. d4 d5 3. Nc3 Bb4 4. e5 c5 5. a3 Bxc3+ 6. bxc3 Qa5 7. Bd2 Qa4 8. Qb1 c4 9. Ne2 Nc6 10. Nf4 g6 11. h4 h5 12. Nh3 Bd7 13. Bg5 Qa5 14. Bd2 Qa4 15. Ng5 Nh6 16. Qc1 Nf5 17. Be2 Rc8 18. Nf3 Kd8 19. Bg5+ Kc7 20. Bf6 Rhf8 21. O-O a6 22. Qd2 Kb8 23. Rfb1 Ka7 24. g3 Rb8 25. Bf1 b6 26. Bh3 Rb7 27. Kg2 Rfb8 28. Ng5 Bc8 29. Nh7 Qa5 30. Bg5 b5 31. Nf6 Nfe7 32. Ne8 Nf5 33. Bxf5 exf5 34. Nd6 Rc7 35. a4 bxa4 36. Rxb8 Kxb8 37. Qe1 Be6 38. Kf1 Ka7 39. Bc1 f4 40. Ba3 f3 41. Bc5+ Ka8 42. Rb1 a3 43. Bb6 Qa4 44. Bxc7 a2 45. Rc1 Bh3+ 46. Kg1 Ne7 47. Qd1 Bg2 48. e6 fxe6 49. Ra1 Ka7 50. Qc1 Qd7 51. Rxa2 e5 52. Rxa6+ Kxa6 53. Qa3+ 1-0

[Event "FIDE WY-U16 Olympiad 2022"]
[Site "Nakhchivan"]
[Date "2022.10.06"]
[Round "5.20"]
[White "Safarov, Deniel"]
[Black "Baloglu, Dila"]
[Result "1-0"]
[WhiteElo "2032"]
[BlackElo "1752"]
[Annotator "TA"]
[PlyCount "79"]
[EventDate "2022.10.02"]
[EventType "team-tourn"]
[EventCountry "AZE"]
[SourceTitle "playchess.com"]
[Source "ChessBase"]
[SourceQuality "1"]
[WhiteTeam "Georgia"]
[BlackTeam "Turkey"]
[WhiteTeamCountry "GEO"]
[BlackTeamCountry "TUR"]

1. e4 c5 2. Nf3 e6 3. d4 cxd4 4. Nxd4 Nf6 5. Nc3 Nc6 6. Ndb5 Bb4 7. a3 Bxc3+ 8. Nxc3 d5 9. exd5 exd5 10. Bd3 O-O 11. O-O Bg4 12. f3 Qb6+ 13. Kh1 Bh5 14. Bg5 Ne4 15. Nxe4 dxe4 16. Bxe4 Qxb2 17. Rb1 Qxa3 18. Rxb7 Qa6 19. Rb1 Bg6 20. Bd5 h6 21. Ra1 Qb6 22. Bh4 Rac8 23. c4 Ne5 24. Bf2 Qd8 25. Qa4 Bd3 26. Rfd1 Qg5 27. f4 Qxf4 28. Bg3 Qf5 29. Bxe5 Bc2 30. Qa5 Bxd1 31. Rxd1 Rfe8 32. Bc3 Qf2 33. Qa1 Re7 34. Rf1 Qc2 35. Bxg7 Qg6 36. Bf6 Re2 37. Bh4 Rc7 38. Qd1 Rb2 39. Qe1 Rb6 40. Bd8 1-0

[Event "FIDE WY-U16 Olympiad 2022"]
[Site "Nakhchivan"]
[Date "2022.10.06"]
[Round "5.20"]
[White "Abbasov, Sadig"]
[Black "Jiang, Kate Yuhua"]
[Result "1-0"]
[WhiteElo "1578"]
[BlackElo "1649"]
[Annotator "NA RC COMBH"]
[PlyCount "113"]
[EventDate "2022.10.02"]
[EventType "team-tourn"]
[EventCountry "AZE"]
[SourceTitle "playchess.com"]
[Source "ChessBase"]
[SourceQuality "1"]
[WhiteTeam "Azerbaijan"]
[BlackTeam "Canada"]
[WhiteTeamCountry "AZE"]
[BlackTeamCountry "CAN"]

1. d4 d5 2. c4 c6 3. Nf3 Nf6 4. Nbd2 Bf5 5. Nh4 Bg4 6. h3 Bh5 7. g4 Bg6 8. Nxg6 hxg6 9. Bg2 e6 10. e4 dxe4 11. Nxe4 Nxe4 12. Bxe4 Nd7 13. Be3 Nf6 14. Bg2 Qc7 15. Qa4 Bd6 16. d5 b5 17. Qa6 cxd5 18. Qxb5+ Qd7 19. Qxd7+ Kxd7 20. Rd1 Rac8 21. g5 Nh5 22. cxd5 Rc2 23. dxe6+ Kxe6 24. O-O Rd8 25. Rfe1 Kd7 26. Bf3 f5 27. Bxh5 gxh5 28. Bf4 Kc7 29. Re7+ Kc6 30. Re6 Rxb2 31. Rexd6+ Rxd6 32. Rxd6+ Kc5 33. Ra6 Kd5 34. Rxa7 Ke4 35. Be3 Kf3 36. a4 Rb1+ 37. Kh2 Rd1 38. a5 g6 39. a6 Ra1 40. Ra8 f4 41. Rf8 Rxa6 42. Rxf4+ Ke2 43. Rf6 Ra1 44. Rxg6 Kf1 45. Rh6 Ra2 46. g6 Ra8 47. g7 Rg8 48. Bd4 Rd8 49. Rh8 Rxd4 50. g8=Q h4 51. Qg2+ Ke1 52. Re8+ Kd2 53. f4+ Kc3 54. Qg7 Kb3 55. Qxd4 Ka2 56. Qb6 Ka3 57. Ra8# 1-0

[Event "FIDE WY-U16 Olympiad 2022"]
[Site "Nakhchivan"]
[Date "2022.10.06"]
[Round "5.21"]
[White "Southcott-Moyers, Indy"]
[Black "Cheng, Justin Hong-Chen"]
[Result "0-1"]
[WhiteElo "1952"]
[BlackElo "1843"]
[Annotator "TA"]
[PlyCount "117"]
[EventDate "2022.10.02"]
[EventType "team-tourn"]
[EventCountry "AZE"]
[SourceTitle "playchess.com"]
[Source "ChessBase"]
[SourceQuality "1"]
[WhiteTeam "England"]
[BlackTeam "Hong Kong"]
[WhiteTeamCountry "ENG"]
[BlackTeamCountry "HKG"]

1. d4 Nf6 2. c4 c5 3. d5 e6 4. Nc3 exd5 5. cxd5 d6 6. Nf3 g6 7. h3 Bg7 8. Bf4 O-O 9. e3 Na6 10. Be2 Bf5 11. O-O Ne4 12. Nxe4 Bxe4 13. Ng5 Bf5 14. g4 Bd7 15. Ne4 f5 16. Nxd6 fxg4 17. hxg4 Rxf4 18. exf4 Qc7 19. Nc4 Qxf4 20. Qd2 Qf6 21. f4 Qh4 22. Qe1 Qh3 23. Ne5 Bxe5 24. fxe5 Bxg4 25. Qf2 Bxe2 26. Qxe2 Qg3+ 27. Kh1 Qh4+ 28. Qh2 Qe4+ 29. Kg1 Qxd5 30. Rad1 Qe4 31. Rf4 Qe3+ 32. Kh1 Nc7 33. Rd7 Qc1+ 34. Kg2 Qc2+ 35. Kg1 Qc1+ 36. Rf1 Qe3+ 37. Rf2 Qg5+ 38. Kf1 Qc1+ 39. Kg2 Qg5+ 40. Qg3 Ne6 41. Qxg5 Nxg5 42. Rxb7 Re8 43. Re2 Ne6 44. Rxa7 Nf4+ 45. Kf3 Nxe2 46. Kxe2 Rxe5+ 47. Kf3 Re1 48. Kg4 Rb1 49. Kg5 Rxb2 50. Rc7 Rxa2 51. Rxc5 Rg2+ 52. Kf6 Rf2+ 53. Kg5 Kg7 54. Rc7+ Rf7 55. Rc5 Re7 56. Ra5 h6+ 57. Kf4 Kf6 58. Ra8 g5+ 59. Kf3 0-1

[Event "FIDE WY-U16 Olympiad 2022"]
[Site "Nakhchivan"]
[Date "2022.10.06"]
[Round "5.21"]
[White "Kiriella, K G T S D"]
[Black "Anand, Batsukh"]
[Result "0-1"]
[WhiteElo "1907"]
[BlackElo "2202"]
[Annotator "TA"]
[PlyCount "66"]
[EventDate "2022.10.02"]
[EventType "team-tourn"]
[EventCountry "AZE"]
[SourceTitle "playchess.com"]
[Source "ChessBase"]
[SourceQuality "1"]
[WhiteTeam "Sri Lanka"]
[BlackTeam "Mongolia"]
[WhiteTeamCountry "SRI"]
[BlackTeamCountry "MGL"]

1. e4 c5 2. Nf3 e6 3. d4 cxd4 4. Nxd4 Nc6 5. Nc3 Qc7 6. Be3 a6 7. Qd2 Nf6 8. O-O-O b5 9. f3 Ne5 10. Kb1 Nc4 11. Bxc4 bxc4 12. g4 Rb8 13. Ka1 Be7 14. h4 Qb7 15. Rb1 d5 16. Bf4 Ra8 17. g5 Nh5 18. exd5 exd5 19. Rhe1 O-O 20. Bh2 Bb4 21. a3 a5 22. Qe2 Bc5 23. Qd2 Bd7 24. Re5 Bb4 25. Qd1 Rfe8 26. Rxe8+ Rxe8 27. f4 g6 28. f5 Bc5 29. fxg6 hxg6 30. Qd2 Ng7 31. Nf3 Be3 32. Qg2 d4 33. Nd1 Bc6 0-1

[Event "FIDE WY-U16 Olympiad 2022"]
[Site "Nakhchivan"]
[Date "2022.10.06"]
[Round "5.22"]
[White "Tenuunbold, Battulga"]
[Black "Nabil Nazar, Mohamed"]
[Result "1-0"]
[WhiteElo "2128"]
[BlackElo "1987"]
[Annotator "TA"]
[PlyCount "91"]
[EventDate "2022.10.02"]
[EventType "team-tourn"]
[EventCountry "AZE"]
[SourceTitle "playchess.com"]
[Source "ChessBase"]
[SourceQuality "1"]
[WhiteTeam "Mongolia"]
[BlackTeam "Sri Lanka"]
[WhiteTeamCountry "MGL"]
[BlackTeamCountry "SRI"]

1. d4 d5 2. c4 e6 3. Nf3 Nf6 4. g3 Be7 5. Bg2 O-O 6. O-O dxc4 7. Qa4 a6 8. Qxc4 b5 9. Qc2 Bb7 10. Bd2 Be4 11. Qc1 c6 12. Nc3 Bg6 13. Rd1 Nbd7 14. a3 Qb6 15. b4 a5 16. Qb2 axb4 17. axb4 Nd5 18. Nxd5 cxd5 19. Ra5 Qb7 20. Bf1 Bd8 21. Rxa8 Qxa8 22. e3 Bh5 23. Ra1 Qb7 24. Ne1 Bg6 25. Qa3 Bc7 26. Qa7 Rb8 27. Bxb5 Qxa7 28. Rxa7 Rxb5 29. Rxc7 Nb6 30. Rc5 Rxc5 31. dxc5 Nc4 32. Bc3 Kf8 33. b5 Ke7 34. Bxg7 Kd7 35. Nf3 Bd3 36. Nd4 Kc7 37. Bf6 Na5 38. Be5+ Kb7 39. Bd6 Bc4 40. c6+ Kb6 41. Be7 Nb3 42. Bd8+ Ka7 43. b6+ Kb8 44. Nxb3 Bxb3 45. Bc7+ Kc8 46. Bd6 1-0

[Event "FIDE WY-U16 Olympiad 2022"]
[Site "Nakhchivan"]
[Date "2022.10.06"]
[Round "5.22"]
[White "Li, Yiheng"]
[Black "Pal, Rohan"]
[Result "1/2-1/2"]
[WhiteElo "1766"]
[BlackElo "1871"]
[Annotator "NA RC COMBH"]
[PlyCount "60"]
[EventDate "2022.10.02"]
[EventType "team-tourn"]
[EventCountry "AZE"]
[SourceTitle "playchess.com"]
[Source "ChessBase"]
[SourceQuality "1"]
[WhiteTeam "Hong Kong"]
[BlackTeam "England"]
[WhiteTeamCountry "HKG"]
[BlackTeamCountry "ENG"]

1. e4 c5 2. Nf3 e6 3. d4 cxd4 4. Nxd4 Nf6 5. Nc3 Nc6 6. Nxc6 bxc6 7. e5 Nd5 8. Nxd5 cxd5 9. Bd3 d6 10. Bf4 Qb6 11. exd6 Bxd6 12. Bxd6 Qxd6 13. O-O O-O 14. Re1 Rb8 15. b3 Ba6 16. c4 Rfd8 17. cxd5 Bxd3 18. Qxd3 Qxd5 19. Qxd5 Rxd5 20. Red1 Rbd8 21. Rxd5 Rxd5 22. Rc1 Kf8 23. h4 Rd7 24. g3 Ke7 25. Rc6 h5 26. Ra6 g6 27. Kg2 Kf6 28. Kf3 Ke5 29. Ke3 Kf5 30. b4 Ke5 1/2-1/2

[Event "FIDE WY-U16 Olympiad 2022"]
[Site "Nakhchivan"]
[Date "2022.10.06"]
[Round "5.23"]
[White "Subramanian, Anusha"]
[Black "Han, Xuqian Ben"]
[Result "1-0"]
[WhiteElo "1840"]
[BlackElo "1610"]
[Annotator "NA RC COMBH"]
[PlyCount "121"]
[EventDate "2022.10.02"]
[EventType "team-tourn"]
[EventCountry "AZE"]
[SourceTitle "playchess.com"]
[Source "ChessBase"]
[SourceQuality "1"]
[WhiteTeam "England"]
[BlackTeam "Hong Kong"]
[WhiteTeamCountry "ENG"]
[BlackTeamCountry "HKG"]

1. c4 Nf6 2. Nc3 g6 3. g3 Bg7 4. Bg2 O-O 5. e3 d6 6. Nge2 e5 7. d3 Nc6 8. O-O Rb8 9. Rb1 Be6 10. Nd5 Ne7 11. Nec3 c6 12. Nxf6+ Bxf6 13. b4 Qd7 14. a4 Bh3 15. Ne4 Bg7 16. Bxh3 Qxh3 17. Nxd6 Rfd8 18. Ne4 h6 19. f4 exf4 20. Rxf4 g5 21. Rf1 Ng6 22. d4 Ne5 23. Qe2 Ng4 24. Qg2 Qxg2+ 25. Kxg2 Re8 26. Nd6 Nxe3+ 27. Bxe3 Rxe3 28. Rxf7 Re2+ 29. Kf3 Re6 30. Rd7 h5 31. Nf5 g4+ 32. Kf4 Bh8 33. Kg5 Bf6+ 34. Kxh5 Re4 35. Kg6 Bh8 36. Nh6+ Kf8 37. Rf7+ Ke8 38. Rbf1 Re6+ 39. Kh7 Re7 40. Kxh8 Kd7+ 41. Kg7 Rbe8 42. Rxe7+ Kxe7 43. Re1+ Kd7 44. Rxe8 Kxe8 45. Nxg4 Ke7 46. h4 b6 47. h5 a5 48. bxa5 c5 49. dxc5 bxc5 50. h6 Ke6 51. h7 Kf5 52. h8=Q Kxg4 53. Qh4+ Kf3 54. Qf4+ Kg2 55. g4 Kh3 56. g5 Kg2 57. Qe3 Kh1 58. Qe2 Kg1 59. Kf6 Kh1 60. Kf5 Kg1 61. Ke4 1-0

[Event "FIDE WY-U16 Olympiad 2022"]
[Site "Nakhchivan"]
[Date "2022.10.06"]
[Round "5.23"]
[White "Saravanabaavan, Brijeash"]
[Black "Amilal Munkhdalai"]
[Result "0-1"]
[WhiteElo "1679"]
[BlackElo "2200"]
[Annotator "TA"]
[PlyCount "82"]
[EventDate "2022.10.02"]
[EventType "team-tourn"]
[EventCountry "AZE"]
[SourceTitle "playchess.com"]
[Source "ChessBase"]
[SourceQuality "1"]
[BlackTeam "Mongolia"]
[BlackTeamCountry "MGL"]

1. e4 c5 2. Nc3 Nc6 3. f4 g6 4. Nf3 Bg7 5. Bb5 Nd4 6. O-O a6 7. Bc4 b5 8. Bd5 Rb8 9. d3 e6 10. Bb3 Qc7 11. Ne2 Nxf3+ 12. Rxf3 c4 13. dxc4 bxc4 14. Ba4 Bb7 15. Ng3 Nf6 16. Qe2 h5 17. h4 Qc5+ 18. Kh1 Qb4 19. b3 Nxe4 20. Nxe4 Bxe4 21. Qxe4 Bxa1 22. c3 Bxc3 23. a3 Qa5 24. Qxc4 Bf6 25. Qe2 O-O 26. Bxd7 Qc7 27. Qxa6 Qxc1+ 28. Kh2 Qc7 29. Ba4 Rfd8 30. Qe2 Rd4 31. Qf2 Rbd8 32. Qg3 e5 33. b4 Rxf4 34. Rc3 Qa7 35. Re3 Qxa4 36. Rd3 Rxh4+ 37. Kg1 Qa7+ 38. Kf1 Rxd3 39. Qxd3 Rf4+ 40. Ke1 Qf2+ 41. Kd1 Rd4 0-1

[Event "FIDE WY-U16 Olympiad 2022"]
[Site "Nakhchivan"]
[Date "2022.10.06"]
[Round "5.24"]
[White "Khuslen, Erdenebayar"]
[Black "Wickramasinghe, Minethma Lasandi"]
[Result "1-0"]
[WhiteElo "1590"]
[BlackElo "1574"]
[Annotator "NA RC COMBH"]
[PlyCount "81"]
[EventDate "2022.10.02"]
[EventType "team-tourn"]
[EventCountry "AZE"]
[SourceTitle "playchess.com"]
[Source "ChessBase"]
[SourceQuality "1"]
[WhiteTeam "Mongolia"]
[BlackTeam "Sri Lanka"]
[WhiteTeamCountry "MGL"]
[BlackTeamCountry "SRI"]

1. d4 Nf6 2. c4 e6 3. Nc3 Bb4 4. a3 Bxc3+ 5. bxc3 O-O 6. e3 Nc6 7. Bd3 e5 8. Ne2 e4 9. Bb1 b6 10. Ng3 Re8 11. f3 exf3 12. Qxf3 Ba6 13. Bd3 Na5 14. O-O d5 15. e4 Nb3 16. Bg5 dxc4 17. e5 cxd3 18. exf6 g6 19. Rab1 Bc4 20. Qf4 Re6 21. Qh4 Qf8 22. Nf5 d2 23. Ne7+ Rxe7 24. fxe7 Qe8 25. Bf6 h5 26. Qg5 Kh7 27. Rxb3 Bxb3 28. Qxd2 Qd7 29. Qg5 Be6 30. Be5 c6 31. Qf6 Rg8 32. Qg5 Re8 33. Bf4 Qxe7 34. Qh6+ Kg8 35. Be5 f6 36. Qxg6+ Kf8 37. Rxf6+ Bf7 38. Qh6+ Kg8 39. Qh8+ Kxh8 40. Rh6+ Kg8 41. Rh8# 1-0

[Event "FIDE WY-U16 Olympiad 2022"]
[Site "Nakhchivan"]
[Date "2022.10.06"]
[Round "5.25"]
[White "Azadaliyev, Jahandar"]
[Black "Davudov, Tunar"]
[Result "0-1"]
[WhiteElo "2304"]
[BlackElo "2043"]
[Annotator "TA"]
[PlyCount "94"]
[EventDate "2022.10.02"]
[EventType "team-tourn"]
[EventCountry "AZE"]
[SourceTitle "playchess.com"]
[Source "ChessBase"]
[SourceQuality "1"]
[WhiteTeam "Azerbaijan"]
[BlackTeam "Azerbaijan"]
[WhiteTeamCountry "AZE"]
[BlackTeamCountry "AZE"]

1. e4 c5 2. Nf3 e6 3. d4 cxd4 4. Nxd4 Nf6 5. Nc3 d6 6. g4 h6 7. Rg1 Nc6 8. Be3 Be7 9. h3 a6 10. Qd2 Nxd4 11. Bxd4 e5 12. Be3 Be6 13. O-O-O Qa5 14. a3 Rc8 15. Kb1 b5 16. f4 exf4 17. Bxf4 Rxc3 18. Qxc3 Qxc3 19. bxc3 Nxe4 20. Bd2 Bf6 21. Bg2 Nxd2+ 22. Rxd2 Ke7 23. Rd3 Bc4 24. Re3+ Be5 25. Rd1 Ke6 26. Be4 g6 27. Rf3 Rb8 28. Bd3 Rc8 29. Be4 Rc7 30. Re1 Bd5 31. Bxd5+ Kxd5 32. Rd1+ Ke6 33. Rdd3 f5 34. Rde3 Rc4 35. gxf5+ gxf5 36. Re1 f4 37. Kc1 Kf5 38. Kd2 Ra4 39. Rd3 Rxa3 40. c4 Rxd3+ 41. Kxd3 bxc4+ 42. Kxc4 f3 43. Kd3 Kf4 44. Rb1 Kg3 45. Rb8 Kg2 46. Rf8 f2 47. Ke2 Bg3 0-1

[Event "FIDE WY-U16 Olympiad 2022"]
[Site "Nakhchivan"]
[Date "2022.10.06"]
[Round "5.25"]
[White "Baghirov, Orkhan"]
[Black "Batista Rosas, Nicolas Arturo"]
[Result "1/2-1/2"]
[WhiteElo "1571"]
[BlackElo "1941"]
[Annotator "TA"]
[PlyCount "62"]
[EventDate "2022.10.02"]
[EventType "team-tourn"]
[EventCountry "AZE"]
[SourceTitle "playchess.com"]
[Source "ChessBase"]
[SourceQuality "1"]
[WhiteTeam "Azerbaijan"]
[BlackTeam "Panama"]
[WhiteTeamCountry "AZE"]
[BlackTeamCountry "PAN"]

1. d4 d5 2. c4 c6 3. Nf3 Nf6 4. Qc2 e6 5. e3 Bd6 6. Nbd2 Nbd7 7. Bd3 O-O 8. O-O Qe7 9. e4 dxe4 10. Nxe4 Nxe4 11. Bxe4 f5 12. Bd3 c5 13. Bg5 Qf7 14. Be3 b6 15. dxc5 Nxc5 16. Bd4 Qc7 17. Qe2 Nxd3 18. Qxd3 Bb7 19. Rfe1 Bxf3 20. Qxf3 Qxc4 21. Red1 Rad8 22. b3 Qb5 23. Qe3 e5 24. Bb2 f4 25. Qe4 Bb8 26. Ba3 Rfe8 27. g3 h6 28. Qg6 fxg3 29. hxg3 Kh8 30. Be7 Rc8 31. Bf6 gxf6 1/2-1/2

[Event "FIDE WY-U16 Olympiad 2022"]
[Site "Nakhchivan"]
[Date "2022.10.06"]
[Round "5.26"]
[White "Israilov, Agil"]
[Black "Ahmad, Khagan"]
[Result "1-0"]
[WhiteElo "1883"]
[BlackElo "2150"]
[Annotator "TA"]
[PlyCount "95"]
[EventDate "2022.10.02"]
[EventType "team-tourn"]
[EventCountry "AZE"]
[SourceTitle "playchess.com"]
[Source "ChessBase"]
[SourceQuality "1"]
[WhiteTeam "Azerbaijan"]
[BlackTeam "Azerbaijan"]
[WhiteTeamCountry "AZE"]
[BlackTeamCountry "AZE"]

1. e4 c5 2. Nf3 Nc6 3. d4 cxd4 4. Nxd4 Nf6 5. Nc3 e5 6. Ndb5 d6 7. Bg5 a6 8. Na3 b5 9. Nd5 Be7 10. Bxf6 Bxf6 11. c4 b4 12. Nc2 O-O 13. Qf3 Bg5 14. h4 Bh6 15. Bd3 a5 16. Qh5 Be6 17. Nce3 Bxe3 18. fxe3 Ne7 19. O-O-O Bxd5 20. exd5 f5 21. g4 e4 22. Bc2 b3 23. axb3 Qb6 24. Qg5 a4 25. bxa4 Rfb8 26. b3 Qa5 27. Qxe7 Qc3 28. Qe6+ Kh8 29. Qxf5 Rxa4 30. bxa4 Qxe3+ 31. Rd2 Qa3+ 32. Kd1 Qa1+ 33. Ke2 Qxh1 34. Qxe4 Qh2+ 35. Kd1 Qg1+ 36. Ke2 Qh2+ 37. Kd3 Qg3+ 38. Qe3 Qxh4 39. Re2 Rf8 40. Qe7 Qh3+ 41. Kd2 Qf1 42. Bf5 Qf4+ 43. Kd3 Qf3+ 44. Qe3 Qf1 45. Kd2 Qa1 46. Qc3 Qxa4 47. Re7 Rg8 48. Bxh7 1-0